000 00985nam a22003138i 4500
001 021641636
003 EG-ScBUE
005 20260210100250.0
008 250714s2026 enka f 001 0 eng d
020 _a9781032969527
040 _aStDuBDS
_beng
_erda
_cStDuBDS
_dEG-ScBUE
082 0 4 _a658.11
_222
_bPAU
100 1 _aPauceanu, Alexandrina Maria,
_eauthor.
245 1 4 _aThe basics of business start-up /
_cAlexandrina Pauceanu.
264 1 _aLondon :
_bRoutledge,
_c2026.
300 _a176 pages :
_billustrations (black and white) ;
_c20 cm
336 _atext
_2rdacontent
_btxt
336 _astill image
_2rdacontent
_btxt
337 _aunmediated
_2rdamedia
_bn
338 _avolume
_2rdacarrier
_bnc
500 _aIncludes index.
500 _aIncludes Appendices.
650 7 _aEntrepreneurship.
_2BUEsh
650 7 _aNew business enterprises.
_2BUEsh
653 _cFebruary2026
_bBUSADM
655 _vReading book
942 _2ddc
_cBB
999 _c31104
_d31075